| 000 | 00847 a2200241 4500 | ||
|---|---|---|---|
| 001 | 44601 | ||
| 005 | 20260407155722.0 | ||
| 008 | 260407a2015 arg spa d | ||
| 003 | AR-UNSa-BCEJYS | ||
| 040 |
_aAR-UNSa-BCEJYS _bspa _cAR-UNSa-BCEJYS |
||
| 080 |
_a342.4 _xConstituciones. Asambleas legislativas. Asambleas nacionales (Reforma...) |
||
| 245 | 1 | 0 | _aConstitución de la Nación Argentina y tratados internacionales |
| 020 | _a978-987-01-1839-8 | ||
| 264 | 1 |
_aBuenos Aires : _bErreius _c2015 |
|
| 300 |
_a149 p. _c21 cm. |
||
| 041 | _aspa | ||
| 942 | _cBK | ||
| 590 | _aniveau_biblio:m niveau_hierar:0 | ||
| 100 | 1 | _aArgentina [Constitucion Nacional] | |
| 700 | 1 | _aParada, Ricardo Antonio | |
| 700 | 1 | _aErrecaborde, José Daniel | |
| 856 | 4 | 1 |
_uhttps://biblioeco.unsa.edu.ar/pmb/images/libros/L126944.jpg _yImagen de portada _qimage/jpeg |
| 999 |
_c3801 _d3801 |
||